00610nam a2200181Ia 4500952014500000999001700145003000400162005001700166008004100183020001500224040000900239082001900248245004700267260004300314300000900357650002000366942004200386 00102ddc40708HISTORYaMESbMEScISLd2019-02-20g60.00l1o954.83 HAL/ Vp32704r2019-10-10 00:00:00s2019-10-10w2019-02-20yBKzGL44R3 c22759d22759OSt20200210143442.0190216s9999||||xx |||||||||||||| ||und|| a8182752955 coclc a954.83bHAL/ V 0aVikasanam Paristhithi Aagola Muthalalitham bIslamic Publishing House, aKozhikode: a194p aIslamic History cBK2ddch954.83iHAL/Vk954.83mHAL/V